Geography Quiz

Random Geography or Blitz Quiz

Mostly Red Flags Quiz Stats

 Plays Quiz not verified by Sporcle

Challenge
Share
Tweet
Score 0/20 Timer 04:00
0 Plays Today
Hint Answer % Correct
Canada
96.8%
China
93.1%
Switzerland
91.9%
Turkey
84.6%
Denmark
81.1%
Poland
78.2%
Albania
74.5%
Kyrgyzstan
73.8%
Austria
72.5%
Vietnam
71.1%
Hint Answer % Correct
Malta
66.9%
Morocco
66.2%
Bahrain
61.8%
Tunisia
61.8%
Trinidad and Tobago
59.6%
Singapore
58.6%
Montenegro
57.8%
Tonga
55.1%
Peru
53.7%
Timor-Leste
45.3%

You're not logged in!

Compare scores with friends on all Sporcle quizzes.
OR
Log In

You Might Also Like...

Show Comments

Extras

Top Quizzes Today


Score Distribution

Your Account Isn't Verified!

In order to create a playlist on Sporcle, you need to verify the email address you used during registration. Go to your Sporcle Settings to finish the process.

Report this User

Report this user for behavior that violates our Community Guidelines.

Details: